000 00873nam a2200337Ia 4500
001 4878
005 20240113233804.0
007 ta
008 050615s1994 g b000 u asm u
020 _cRs 50.00 (HB)
040 _aCotton College,Assam
041 _aasm
082 _a891.41408
_bBh 469 Ka
100 _aBhattacharyya, Parag Kumar .
245 0 _aKatha Silpa Prasanga /
_cParag Kumar Bhattacharyya.
_hTextual Documents
250 _a1st ed. /
260 _aGuwahati :
_bGranthapeeth ,
_c1994.
300 _a210p. ;
_c22cm.
365 _aRs 50.00
653 _aAssamese Essay-Collections
653 _aMS-Assamese
653 _aPG-Assamese
653 _aT/G-Assamese
942 _2ddc
_cBK
999 _c4865
_d4865